Elektronické podnikanie v hotelierstve diplomová práca

Saved in:
Bibliographic Details
Main Author: Trochan, Ján
Corporate Author: Obchodná fakulta EU. Katedra služieb a cestovného ruchu - zrušené
Other Authors: Benešová, Dana, 1958-
Format: Book
Language:Slovak
Published: Bratislava 2008
Tags: Add Tag
No Tags, Be the first to tag this record!

MARC

LEADER 00000nam$a2200000$$$4500
001 0088043
005 20240201115051.3
041 0 |a slo 
044 |a SK 
245 1 0 |a Elektronické podnikanie v hotelierstve  |b diplomová práca  |c Ján Trochan ; škol. Dana Benešová 
264 1 |a Bratislava  |c 2008 
300 |a 67 s. 
100 1 |a Trochan, Ján 
700 1 |a Benešová, Dana, 1958- 
710 2 |a Obchodná fakulta EU. Katedra služieb a cestovného ruchu - zrušené